00923ncm a22002295a 4500001001100000005001700011008004100028080001600069100004100085245006000126254002300186260004500209300003400254490006800288500002400356500011600380500002600496650002400522852001100546952011900557999001700676C00011477c20241029143126.0950810s1891 ddrsyb n 1 ger d a785.1.082.11 aSchumann, Robert (d1810-1856)9845710aSymphonie nº 3 Es dur, op. 97 / cvon Robert Schumann. a[Kleine Partitur]. aLeipzig : bErnst Eulenburg, c[d. 1891] aPartitura (148 p.) ; c19 cm.0 aEulenburg's kleine Orchester Partitur Ausgabe. Symphonien ; v8 aN. pl. : E.E. 3608. aFecha de publicación tomada de "The new Grove dictionary of music and musicians", vol. 6, Stanley Sadie 1980. aLegado Pérez Casas. aSinfonías.9144054 jM-2390 001040708MUSICAaRABASFbRABASFcDP1d1995-08-11eDl0oM-2390p1012467r2024-10-15 09:09:37w2024-10-15yPARTA c11268d11268